Six Flags over Texas Yellow Box Edition - Statistics

General Stats
  • This quiz has been taken 129 times
  • The average score is 5 of 6
Answer Stats
Hint Answer % Correct
Spain
100%
Mexico
99%
United States
98%
Republic of Texas
94%
France
89%
Confederate States of America
67%
No matching quizzes found
Score Distribution
Percent of People with Each Score
Percentile by Number Answered
Your Score History
You have not taken this quiz